000 00812nam a2200265Ia 4500
003 OSt
005 20220918224532.0
006 a|||||r|||| 00| 0
007 ta
008 220917b |||||||| |||| 00| 0 eng d
024 _a229,828
037 _cTextual
040 _aARTS
_cARTS
_beng
041 _2eng
_aeng
082 _aP111:4:(S:4), P6
100 _aHalliday M. A. K.
_914133
245 0 _aConstruing experience through meaning
_b a language -based approach to cognition
260 _aLondon
_bContinuum
_c2006
300 _axiv, 657p
_ccm.
490 _aOpen linguistics
650 _aLINGUISTICS
700 _a Matthiessen Christian M. I. M.
_9148290
942 _hP111:4:(S:4), P6
_cTEXL
_2CC
999 _c281553
_d281553